Educación y cultura en época de los Reyes Católicos
Uloženo v:
| Hlavní autor: | |
|---|---|
| Médium: | Kniha |
| Jazyk: | španělština |
| Vydáno: |
Valladolid, España
Seminario Iberoamericano de Descubrimientos y Cartografía
2015
|
| Edice: | Colección Historia y Educación,
4 |
| Témata: | |
| Tagy: |
Přidat tag
Žádné tagy, Buďte první, kdo vytvoří štítek k tomuto záznamu!
|
MARC
| LEADER | 00000cam a2200000 a 4500 | ||
|---|---|---|---|
| 001 | UCC9297 | ||
| 003 | CL-VaPUC | ||
| 005 | 20200513114955.0 | ||
| 008 | 190914e20150000sp |||||||||||||||||spa|d | ||
| 999 | |c 375483 |d 375481 | ||
| 020 | |a 9788469720905 | ||
| 040 | |c Pontificia Universidad Católica de Valparaíso | ||
| 082 | 0 | 4 | |a 946.03 LEO 2015 |2 21 |
| 100 | 0 | |a León Guerrero, María Montserrat |e author |9 604277 | |
| 245 | 1 | 0 | |a Educación y cultura en época de los Reyes Católicos |
| 260 | |a Valladolid, España |b Seminario Iberoamericano de Descubrimientos y Cartografía |c 2015 | ||
| 300 | |a 140 páginas | ||
| 490 | 0 | |a Colección Historia y Educación, |v 4 | |
| 583 | |a last modification |c 20190914 23:07:00 |k Rodrigo Vera | ||
| 650 | 7 | |a HISTORIA DE ESPAÑA |2 CL-VaPUC |9 345321 |y SIGLO 15 | |
| 650 | 7 | |a MONARQUIA ESPAÑOLA |2 CL-VaPUC |9 401397 | |
| 650 | 7 | |a REYES CATOLICOS |2 CL-VaPUC |9 420971 |z ESPAÑA | |
| 852 | |a BIBCUR | ||
| 942 | |c BK |2 ddc | ||
| 945 | |d 20190914 23:07:00 |a dcastane | ||
| 952 | |0 0 |1 0 |2 ddc |3 erb |4 0 |6 946_030000000000000_LEO_2015 |7 0 |8 A |9 494471 |a BIBHIS |b BIBHIS |i 5601282 |o 946.03 LEO 2015 |p 5601282 |r 2025-01-20 |t 1 |w 2019-11-24 |y BK |z Catalogado en:20190914 |k HIS | ||